| 000 | 00943nam a22002415a 4500 | ||
|---|---|---|---|
| 003 | OSt | ||
| 005 | 20180423141347.0 | ||
| 008 | 180423s1997 ua a grb 000 0 ara d | ||
| 017 | _a97 / 9634 | ||
| 040 |
_aEG-ScBUE _bara _cEG-ScBUE |
||
| 043 | _af-ua--- | ||
| 082 | 0 | 4 |
_a306.0962 _bث ق ا _222 |
| 245 | 0 | 2 |
_aالثقافة : _bضوء يسطع على وجه الوطن، 1987-1997 / _cإعداد عماد عبد المحسن... [إلخ.]. |
| 260 |
_aالقاهرة : _bصندوق التنمية الثقافية، _c1997. |
||
| 300 |
_a1 مج. : _bصور ؛ _c30 سم. |
||
| 541 |
_aالسفير علي الحفني ؛ _cإهداء ؛ |
||
| 610 | 1 | 7 |
_aمصر. _bوزارة الثقافة. _bصندوق التنمية الثقافية _xتاريخ. _2BUEsh |
| 650 | _2BUEsh | ||
| 651 | 7 |
_aمصر _yقرن 20. _xالحياة الفكرية. _2BUEsh |
|
| 653 |
_bGGEN _cApril2018 |
||
| 700 | 1 | _aعبد المحسن، عماد. | |
| 942 | _2ddc | ||
| 999 |
_c26573 _d26545 |
||